Análisis y diseño de entrepisos de losas post – tensadas en edificios de concreto reforzado.
Presenta el análisis y diseño de entrepisos de losas post – tensadas en edificios de concreto reforzado, presenta los métodos y normativas involucradas en el diseño de losas, así como las ventajas del sistema de losas post tensadas con respecto a la práctica anual en nuestro país.
| Main Authors: | , |
|---|---|
| Other Authors: | |
| Format: | Tesis Section = Libro |
| Language: | Undetermined Spanish |
| Published: |
Managua
UNI-IES
2010
|
| Subjects: |
| LEADER | 01078nam a2200241Ia 4500 | ||
|---|---|---|---|
| 008 | 240830s9999 xx 000 0 und d | ||
| 040 | |a BIBLIOTECA-RUPAP Mon 693.5 L129 | ||
| 041 | |a spa | ||
| 082 | |a Mon 693.5 L129 | ||
| 100 | 1 | |a Lacayo Espinoza, Erwin Ernesto | |
| 100 | 1 | |b Algaba López, Carlos Gerald | |
| 245 | 1 | 0 | |a Análisis y diseño de entrepisos de losas post – tensadas en edificios de concreto reforzado. |
| 260 | |a Managua |b UNI-IES |c 2010 | ||
| 300 | |a 110 p. :il. | ||
| 500 | |a Contiene: anexos. | ||
| 502 | |a Tesis (Ingeniero Civil)- UNI, 2010. | ||
| 520 | 3 | |a Presenta el análisis y diseño de entrepisos de losas post – tensadas en edificios de concreto reforzado, presenta los métodos y normativas involucradas en el diseño de losas, así como las ventajas del sistema de losas post tensadas con respecto a la práctica anual en nuestro país. | |
| 650 | 7 | |a CONSTRUCCIONES DE HORMIGON | |
| 650 | 7 | |b EDIFICIOS - DISEÑO Y CONSTRUCCION | |
| 700 | 1 | |a Tutor: |b Jarquín Montalván, Yader Andrés | |
| 942 | |c BK |2 ddc | ||
| 991 | |a TESIS | ||
| 999 | |c 17909 | ||